000 00833nam a22001817a 4500
999 _c12722
_d12722
003 AR-CdUCM
008 190410b ||||| |||| 00| 0 spa d
040 _aMUNICIPALIDAD PROVINCIAL DEL CUSCO
_cBIBLIOTECA MUNICIPAL DEL CUSCO
082 _a198.7 /
_bM63
100 _aMira y Lopez, Emilio
_916117
245 _aManual de psicología jurídica /
260 _aBuenos aires :
_bEl ateneo,
_c1961.
300 _a285 páginas ;
_c23 cm.
505 _aContenido :Estado actual de la psicología como ciencia -- Estática de la personalidad humana -- Dinámica de la personalidad, procesos generales de la adaptación persona-medio -- Psicología de las actividades morales -- Génesis y evolución de los conceptos de derecho, deber, ley y justicia ...
650 _aPsicología forense
_930736
942 _2ddc
_cLIBROS
945 _arum